MARC

LEADER 00000nam0a2200000 4500
001 61585
005 20231101211944.0
010 |a 5222037754 
010 |a 966-693-257-1 
035 |a (RuTPU)RU\TPU\book\65178 
090 |a 61585 
100 |a 20040316d2003 m y0rusy50 ca 
101 0 |a rus 
102 |a RU  |a UA 
105 |a a j 001zy 
200 1 |a Дискретная математика  |e учебное пособие  |f Г. Г. Асеев, О. М. Абрамов, Д. Э. Ситников 
210 |a Ростов-на-Дону  |c Феникс  |a Харьков  |c Торсинг  |d 2003 
215 |a 144 с.  |c ил. 
225 1 |a Учебники 
225 1 |a Высшее образование 
320 |a Библиогр.: с. 138-139. 
320 |a Алфавитный указатель: с. 140-142. 
606 |a Дискретная математика  |2 stltpush  |3 (RuTPU)RU\TPU\subj\9597  |9 36814 
610 1 |a математическая логика 
610 1 |a комбинаторика 
610 1 |a графы 
610 1 |a задачи 
610 1 |a решения 
610 1 |a теоремы 
610 1 |a доказательства 
610 1 |a алгоритмические методы 
610 1 |a учебные пособия 
675 |a 51-022.334(075)  |v 3 
700 1 |a Асеев  |b Г. Г.  |g Георгий Георгиевич 
701 1 |a Абрамов  |b О. М.  |g Олег Мартович 
701 1 |a Ситников  |b Д. Э.  |g Дмитрий Эдуардович 
801 1 |a RU  |b 63413507  |c 20040316  |g PSBO 
801 2 |a RU  |b 63413507  |c 20180207  |g PSBO 
942 |c BK 
959 |a 118/20040908  |d 1  |e 53,68  |f АНЛ:1